| 000 | 00628nam a2200205 a 4500 | ||
|---|---|---|---|
| 999 |
_c3502 _d3502 |
||
| 001 | 3502 | ||
| 003 | BD-JhCC | ||
| 005 | 20171114124527.0 | ||
| 008 | 171114s1964 bg |||| |||| 000 0 ben d | ||
| 035 | _a(BD-JhCC) | ||
| 040 |
_aBD-JhCC _dBD-JhCC |
||
| 041 | _aben | ||
| 082 |
_a923.1 _bHOS 1964 |
||
| 100 | _aহোসেন, কাজী আবুল | ||
| 245 |
_aছোটদের আইয়ুব খান / _cকাজী আবুল হোসেন |
||
| 260 |
_aঢাকা: _bআহমদ পাবলিশিং হাউস; _c১৯৬৩ |
||
| 300 |
_a58 p.; _c14 cm |
||
| 650 | _aBiography | ||
| 942 |
_2ddc _cBK |
||